00422nam a22001457a 450000500170000000800410001702000180005804100130007608200130008910000130010224500610011526000440017630000310022065000250025120240918104330.0231208b |||||||| |||| 00| 0 eng d a9780409017502 aEnglish  a349 BUT  lEnglish  aButterworths and Forms and Precedents : b Insurance Law aDurban : bLexisNexis (Pty) Ltd, c1997 bvii, 198 pages ; c26 cm.  aLegal practice bLaw